Sherig century magazine: (Record no. 3183)
[ view plain ]
| 000 -LEADER | |
|---|---|
| fixed length control field | 00442nam a2200133 4500 |
| 001 - CONTROL NUMBER | |
| control field | 3903 |
| 005 - DATE AND TIME OF LATEST TRANSACTION | |
| control field | 20181127172201.0 |
| 090 00 - LOCALLY ASSIGNED LC-TYPE CALL NUMBER (OCLC); LOCAL CALL NUMBER (RLIN) | |
| Classification number (OCLC) (R) ; Classification number, CALL (RLIN) (NR) | 373.05 T197y 2010 |
| 245 00 - TITLE STATEMENT | |
| Title | Sherig century magazine: |
| Remainder of title | The light of learning for 100 years. |
| Statement of responsibility, etc. | |
| Medium | |
| 260 00 - PUBLICATION, DISTRIBUTION, ETC. | |
| Place of publication, distribution, etc. | [Wamrong, Trashigang, Bhutan]: |
| Name of publisher, distributor, etc. | [Jigme Sherubling Higher Secondary School], |
| Date of publication, distribution, etc. | 2012. |
| 300 00 - PHYSICAL DESCRIPTION | |
| Extent | 105 p. ; col. ill. |
| 650 00 - SUBJECT ADDED ENTRY--TOPICAL TERM | |
| Topical term or geographic name entry element | Education --Bhutan. |
| General subdivision | |
| Topical term or geographic name entry element | Students --Bhutan --Periodicals. |
| General subdivision | |
| Withdrawn status | Lost status | Source of classification or shelving scheme | Damaged status | Not for loan | Collection code | Home library | Current library | Shelving location | Serial Enumeration / chronology | Inventory number | Total Checkouts | Full call number | Barcode | Date last seen | Price effective from | Koha item type |
|---|---|---|---|---|---|---|---|---|---|---|---|---|---|---|---|---|
| Dewey Decimal Classification | Periodicals | RTC Library | RTC Library | Periodicals | 6580 | Periodicals Serials | 30006502 | 27/11/2018 | 27/11/2018 | Periodicals |